Statistics for Los Angeles Lakers 2010s Top 10 Leaders

Click here to take the quiz!

General Stats

  • This quiz has been taken 136 times
  • The average score is 13 of 24

Answer Stats

Player% Correct
Kobe Bryant
100%
Pau Gasol
91%
Andrew Bynum
78%
Brandon Ingram
74%
Derek Fisher
74%
Julius Randle
73%
Lonzo Ball
70%
Ron Artest
70%
Dwight Howard
68%
D'Angelo Russell
62%
Kyle Kuzma
57%
Lamar Odom
56%
Jordan Clarkson
51%
Nick Young
47%
Lou Williams
41%
Wesley Johnson
41%
Kentavious Caldwell-Pope
40%
JaVale McGee
27%
Jordan Hill
27%
Larry Nance
27%
Robert Sacre
26%
Steve Blake
21%
Jodie Meeks
19%
Roy Hibbert
18%

Score Distribution

Percentile by Number Answered

Percent of People with Each Score

Your Score History

You have not taken this quiz